000 00574nam a2200205Ia 4500
005 20260429111916.0
008 260429s9999||||xx |||||||||||||| ||und||
020 _a9789358878356
041 _aEnglish
082 _a620.5
_bSIN
100 _aSingh, Namita Ashish
245 0 _aNanotechnology :
_bjourney from laboratory to society /
_cNamita Ashish Singh
260 _aNew Delhi :
_bNipa,
_c2025.
300 _axii, 344 p.; hb
650 _a Nanotechnology
650 _aEngineering
700 _a Khangarot, Rama Kanwar
700 _a Nagda, Girima
942 _cTB
999 _c51380
_d51380